01249nam a22003377a 4500003000500000005001700005008004100022010001000063011001000073035001000083040000900093090001000102100004700112245010900159260004000268300003000308502008100338590003700419590004100456590004100497590004100538590004200579650002300621650002900644650003200673901000700705942001000712949004500722999001700767952012700784CHAP20220329134241.0971013s1987 r 00010 d a17598 a18570 a22655 cCHAP aTesis00aCatalán Santos, Eduardo Juvencio.920479 aEstudio de algunos factores que influyen en la producción de Pinus leiophylla Schl. et Cham, en vivero aChapingo, Méx. :bEl autor,c1987 a97 h.b: ilus. ; gráfs. aTesis (Ing. Agr. Esp. en Bosques) -- UACH. División de Ciencias Forestales aALEPHb10c20130110lUCH01h1240 aBATCH-UPDb10c20130110lUCH01h1701 aBATCH-UPDb10c20130410lUCH01h1049 aBATCH-UPDb10c20130914lUCH01h1853 aCONVERSIONb10c20130109lUCH01h131114aPináceas.98821014aPinus leiophylla.98834614aViveros forestales.9120100 aBK cTESIS bBCcTESd-53035eTS1h19929i22655mDsi c17598d17598 00102local4051708TESISaBCbBCcPA_TESISd2019-12-31fTESISl0oTesisp-53035r2019-12-31 00:00:00w2019-12-31yTESIS